| 000 | 00743nam a22002057a 4500 | ||
|---|---|---|---|
| 999 |
_c19411 _d19411 |
||
| 003 | AR-CdUCM | ||
| 008 | 190517b ||||| |||| 00| 0 spa d | ||
| 040 |
_aMUNICIPALIDAD PROVINCIAL DEL CUSCO _cBIBLIOTECA MUNICIPAL DEL CUSCO |
||
| 082 |
_a079.85 / _bP43 |
||
| 100 |
_aPeraltilla Díaz, Artemio _92483 |
||
| 245 | _aEl periodismo arequipeño en la emancipación del Perú / | ||
| 260 |
_aArequipa : _bImpr. Edit. El Sol, _c1971. |
||
| 300 |
_a330 páginas ; _bRetratos, _c23 cm. |
||
| 505 | _aContenido: El periodismo precursor -- El periodismo de la emancipación -- Periodismo independiente... | ||
| 650 |
_aPeriodismo _91929 |
||
| 650 |
_aArequipa _91703 |
||
| 650 |
_aHistoria _9136 |
||
| 942 |
_2ddc _cLIBROS |
||
| 945 |
_adavv _d2019-05-17 |
||